Swiss football ultras logos - Statistics

General Stats
  • This quiz has been taken 39 times
    35 since last reset
  • The average score is 6 of 21
Answer Stats
Picture Answer % Correct
Zürcher Südkurve
77%
Muttenzerkurve Basel
73%
Ostkurve Bern
68%
Espenblock Sankt Gallen
59%
Section Grenat
41%
Kop Sud Lausanne
32%
Sektor IV
32%
Bierkurve Winterthur
23%
Sektor D Wil
23%
Bierkurve Schaffhausen
18%
Block Süd Thun
18%
Gradin Nord
18%
Kop 14 Yverdon
18%
Tribune Neuch'
18%
Curva Nord Lugano
14%
Gradinata Sud Bellinzona
14%
Tribune Pelouse Carouge
14%
Ultras Aarau
14%
Novio Squad Nyon
9%
Sektion Nord Vaduz
9%
Unabhängige Szene Luzern
9%
No matching quizzes found
Score Distribution
Percent of People with Each Score
Percentile by Number Answered
Your Score History
You have not taken this quiz since the last reset